| 000 | 00526nam a2200193Ia 4500 | ||
|---|---|---|---|
| 005 | 20250319015316.0 | ||
| 008 | 240331s9999 xx 000 0 und d | ||
| 020 | _a0803946244 | ||
| 082 |
_bMAS _21108 _a302.23 |
||
| 245 | 0 | _aMass Media Effects Across Cultures | |
| 260 |
_aCalifornia; _aLondon; _aNew Delhi, _bSAGE Publications _c1992 |
||
| 300 | _avii, 269 p., (Volume XVI) | ||
| 650 | _aMedia | ||
| 650 | _aCulture | ||
| 650 | _aCommunication | ||
| 700 |
_aKorzenny, F _eedt |
||
| 700 |
_aTing-Toomey, S _eedt |
||
| 942 | _cL | ||
| 999 |
_c1468 _d1468 |
||